000 00295nam a22001217a 4500
041 _aENG
100 _aBeitannica
245 _aBeitannica Ready Reference Encyclopedia Vol 6
260 _aNew Delhi
_bBeitannica
_c2006
300 _a276
650 _aCompetitive Exam
856 _uCompetitive Exam
999 _c2437
_d2437